The style book prescribed for use in the government presses of the United Provinces of Agra and Oudh (Record no. 389889)

000 -LEADER
fixed length control field 00404cam a22001097a 4500
008 - FIXED-LENGTH DATA ELEMENTS--GENERAL INFORMATION
fixed length control field 180718b1932 xxu||||| |||| 00| 0 eng d
082 ## - DEWEY DECIMAL CLASSIFICATION NUMBER
Classification number A32 Ut8
245 ## - TITLE STATEMENT
Title The style book prescribed for use in the government presses of the United Provinces of Agra and Oudh
Statement of responsibility, etc. Complied by D.W. Crighton
260 ## - PUBLICATION, DISTRIBUTION, ETC.
Place of publication, distribution, etc. Allahabad
Name of publisher, distributor, etc. Superintendent, Printing and Stationery
Date of publication, distribution, etc. 1932
300 ## - PHYSICAL DESCRIPTION
Extent 369+p.
700 ## - ADDED ENTRY--PERSONAL NAME
Personal name Crighton, D.W.
Holdings
Withdrawn status Lost status Damaged status Not for loan Permanent Location Current Location Date acquired Full call number Barcode Date last seen Price effective from Koha item type
        Indian Institute of Public Administration Indian Institute of Public Administration 1999-07-14 A32 Ut8 24240 2018-07-21 2018-07-21 Book

Powered by Koha